Construction project information : modelling, management and integration (Record no. 102025)

MARC details
000 -LEADER
fixed length control field 00527cam a2200193 4500
008 - FIXED-LENGTH DATA ELEMENTS--GENERAL INFORMATION
fixed length control field 020418n2002 000 0 eng u
020 ## - INTERNATIONAL STANDARD BOOK NUMBER
International Standard Book Number 0632057467
035 ## - SYSTEM CONTROL NUMBER
System control number (Sirsi) u117564
100 ## - MAIN ENTRY--PERSONAL NAME
Personal name Aouad, G.
245 ## - TITLE STATEMENT
Title Construction project information : modelling, management and integration
260 ## - PUBLICATION, DISTRIBUTION, ETC.
Place of publication, distribution, etc. Oxford
Name of publisher, distributor, etc. Blackwell Science
Date of publication, distribution, etc. 2002
350 ## - PRICE (NR) (BK AM CF MU VM SE) [OBSOLETE]
Price 49.50
520 ## - SUMMARY, ETC.
Summary, etc. Publication abandoned May 2002.
700 ## - ADDED ENTRY--PERSONAL NAME
Personal name Tah, J.
700 ## - ADDED ENTRY--PERSONAL NAME
Personal name Alshawi, M.
700 ## - ADDED ENTRY--PERSONAL NAME
Personal name Underwood, J.
700 ## - ADDED ENTRY--PERSONAL NAME
Personal name Fraj, I.
942 ## - ADDED ENTRY ELEMENTS (KOHA)
Suppress in OPAC 0

No items available.